Venture Capital Funding (Record no. 343224)
[ view plain ]
| 000 -LEADER | |
|---|---|
| fixed length control field | 00466 a2200169 4500 |
| 003 - CONTROL NUMBER IDENTIFIER | |
| control field | OSt |
| 005 - DATE AND TIME OF LATEST TRANSACTION | |
| control field | 20180116182635.0 |
| 008 - FIXED-LENGTH DATA ELEMENTS--GENERAL INFORMATION | |
| fixed length control field | 160502b xxu||||| |||| 00| 0 eng d |
| 020 ## - INTERNATIONAL STANDARD BOOK NUMBER | |
| International Standard Book Number | 0749455373 |
| 024 ## - OTHER STANDARD IDENTIFIER | |
| Standard number or code | 9780749455378 |
| 040 ## - CATALOGING SOURCE | |
| Transcribing agency | 0 |
| 100 ## - MAIN ENTRY--PERSONAL NAME | |
| Personal name | Stephen Bloomfield |
| 245 ## - TITLE STATEMENT | |
| Title | Venture Capital Funding |
| Remainder of title | A Practical Guide to Raising Finance |
| Statement of responsibility, etc. | Stephen Bloomfield. |
| 250 ## - EDITION STATEMENT | |
| Edition statement | 2nd Ed |
| 260 ## - PUBLICATION, DISTRIBUTION, ETC. | |
| Place of publication, distribution, etc. | kogan London |
| Date of publication, distribution, etc. | 2009 |
| 942 ## - ADDED ENTRY ELEMENTS (KOHA) | |
| Institution code [OBSOLETE] | NBS |
| Koha item type | Book |
| Call number prefix | 658.15224 BLO |
| Source of classification or shelving scheme | |
| Withdrawn status | Lost status | Damaged status | Not for loan | Permanent Location | Current Location | Date acquired | Total Checkouts | Full call number | Barcode | Date last seen | Date last checked out | Price effective from | Koha item type |
|---|---|---|---|---|---|---|---|---|---|---|---|---|---|
| Central Library (CL) | Central Library (CL) | 08/28/2013 | 1 | 658.15224 BLO | NBS8432 | 04/20/2015 | 02/16/2015 | 08/28/2013 | Book |
